000 00533nam a22001817a 4500
999 _c171550
_d171550
005 20200115123330.0
010 _aENG-127427
020 _a9789350358702
_c160.00
035 _aEN-110959
037 _bDBAD/PUB
082 _a346.41066
100 _aRosedar S R A
245 _aCompany Law/
_cby Rosedar S R A
260 _aGurgaon
_bLexis Nexis
_c2017
270 _a14th floor,building no-10,Tower B,DLF Cyber city phase-II
_bGurgaon
_e122002
300 _a133p.
_c22cm(pbk)
942 _2ddc
_cEN
_h346.41066
_mROS